00342nam a2200109Ia 4500008004100000100001300041245006900054245002500123260000900148650001300157856006200170170221s9999 xx 000 0 und d aLisa Goh aPensions as a Form of Executive Compensation (pages 1154–1187) cLisa Goh and Yong Li c2012 xBusiness uhttp://onlinelibrary.wiley.com/doi/10.1111/jbfa.12162/pdf